Entry Personal Name
Number of records used in: 1
001 - CONTROL NUMBER
003 - CONTROL NUMBER IDENTIFIER
005 - DATE AND TIME OF LATEST TRANSACTION
- control field:
20200114133409.0
008 - FIXED-LENGTH DATA ELEMENTS
- fixed length control field:
090915n| acannaabn |a aaa
010 ## - LIBRARY OF CONGRESS CONTROL NUMBER
- LC control number:
n 2009215419
040 ## - CATALOGING SOURCE
- Original cataloging agency:
DLC
- Language of cataloging:
eng
- Transcribing agency:
DLC
100 1# - HEADING--PERSONAL NAME
- Personal name:
Makkar, Urvashi
400 0# - SEE FROM TRACING--PERSONAL NAME
- Personal name:
Urvashi Makkar
670 ## - SOURCE DATA FOUND
- Source citation:
Recent practices in retail in India, 2009:
- Information found:
t.p. (Urvashi Makkar; prof. & chairperson, marketing, Inst. of Mgt. Studies, Ghaziabad) p. 4 of cover (dr.; Ph. D., MBA, PGDCA)